| 000 | 00647nam a2200265 a 4500 | ||
|---|---|---|---|
| 003 | AR-BaBNM | ||
| 005 | 20251128204530.0 | ||
| 008 | 082120s2002 ||||||||||||||000 | spa|| | ||
| 020 | _a968-434-022-2 | ||
| 040 | _cAR-BaBNM | ||
| 100 | 0 |
_aLautreamont _cConde de |
|
| 245 | 0 | 0 | _aCantos de Maldoror |
| 250 | _a5ª ed. | ||
| 260 |
_aPuebla _bPremia _c1988 |
||
| 300 | _a200 p. | ||
| 490 | 0 |
_aLa nave de los locos _vv. 33 |
|
| 500 | _aTraducción y notas por Aldo Pellegrini | ||
| 650 | 4 | _aLITERATURA FRANCESA | |
| 650 | 4 | _aCANTO | |
| 650 | 4 | _aCULTURA | |
| 650 | 4 | _aHUMANIDADES | |
| 655 | _aLITERATURA | ||
| 942 | _cBK | ||
| 998 | _cCarmen | ||
| 999 |
_c7807 _d7807 |
||